000 01016nam a2200301 a 4500
999 _c130434
_d130434
001 3483815
003 ARRUPE
005 20200319110011.0
008 940128s1993 ii b 000 0 eng
010 _a 93909086
020 _a8172141009 :
_cRs75.00 ($10.00 U.S.)
025 _aI-E-72683
040 _aDLC
_cDLC
042 _alcode
043 _aa-ii---
050 0 0 _aBV3265
_b.D48 1993
100 1 _aDharmaraj, Jacob S.
_949724
245 1 0 _aColonialism and Christian mission :
_bpostcolonial reflections /
_cJacob S. Dharmaraj.
260 _aDelhi :
_bIndian Society for Promoting Christian Knowledge,
_c1993.
300 _axx, 149 p. ;
_c22 cm.
504 _aIncludes bibliographical references (p. [143]-149).
520 _aRelates chiefly to the Indian scene.
650 0 _aMissions
_zIndia.
_949733
651 0 _aIndia
_xHistory
_yBritish occupation, 1765-1947.
_97237
906 _a7
_bcbc
_corigode
_d2
_encip
_f19
_gy-gencatlg
942 _2lcc
_cMONOGRAPH